LEADER 01127cam0 22003013 450 001 SOB009189 005 20210709075636.0 010 $a8832442914 100 $a20040211d2001 |||||ita|0103 ba 101 $aita 102 $aIT 200 1 $aTransfer pricing$eI prezzi di trasferimento nelle operazioni internazionali$eLa disciplina fiscale nazionale. Le nuove direttive OCSE. I principi vigenti nei maggiori Paesi industrializzati.$fAndrea Musselli$gAlberto Carlo Musselli 205 $a3.a ed. 210 $aMilano$cIl Sole 24 Ore$d2001 215 $aXIV,290 p.$d24 cm 225 2 $aFisco 410 1$1001LAEC00017226$12001 $a*Fisco 700 1$aMusselli$b, Andrea$3AF00007974$4070$0262280 702 1$aMUSSELLI, Alberto_Carlo$3AF00019172$4070 801 0$aIT$bUNISOB$c20210709$gRICA 850 $aUNISOB 852 $aUNISOB$j330|Coll|9|K$m109414 912 $aSOB009189 940 $aM 102 Monografia moderna SBN 941 $aM 957 $a330|Coll|9|K$b000002$gSI$d109414$rACQUISTO$1Spinosa$2UNISOB$3UNISOB$420210709075600.0$520210709075624.0$6Spinosa 996 $aTransfer pricing$91678405 997 $aUNISOB LEADER 01392nam 2200433 450 001 9910493693303321 010 $a1-68108-485-6 035 $a(CKB)3710000001405775 035 $a(MiAaPQ)EBC4877811 035 $a(EXLCZ)993710000001405775 100 $a20170713h20172017 uy 0 101 0 $aeng 135 $aurcnu|||||||| 181 $2rdacontent 182 $2rdamedia 183 $2rdacarrier 200 00$aChitosan based materials and its applications /$feditors, Guilherme Luiz Dotto, Sergio Paulo Campana-Filho, Luiz Antonio de Almeida Pinto 210 1$aSharjah, United Arab Emirates :$cBentham eBooks,$d2017. 210 4$dİ2017 215 $a1 online resource (334 pages) 225 0 $aFrontiers in Biomaterials ;$vVolume 3 311 $a1-68108-486-4 320 $aIncludes bibliographical references at the end of each chapters and index. 606 $aChitosan 606 $aChitosan$xBiotechnology 608 $aElectronic books. 615 0$aChitosan. 615 0$aChitosan$xBiotechnology. 676 $a573.774 702 $aDotto$b Guilherme Luiz 702 $aCampana Filho$b Se?rgio Paulo 702 $aPinto$b Luiz Antonio de Almeida 801 0$bMiAaPQ 801 1$bMiAaPQ 801 2$bMiAaPQ 906 $aBOOK 912 $a9910493693303321 996 $aChitosan based materials and its applications$92469020 997 $aUNINA LEADER 01193nam 2200337z- 450 001 9910694003703321 005 20080409084552.0 035 $a(CKB)5860000000019226 035 $a(BIP)019590031 035 $a(EXLCZ)995860000000019226 100 $a20220406c2006uuuu -u- - 101 0 $aeng 200 10$aClimate change $econference before the Committee on Energy and Natural Resources, United States Senate, One Hundred Ninth Congress, second session, on climate change, April 4, 2006 215 $a1 online resource (iii, 71 p.) 311 $a0-16-076429-7 517 $aClimate change 606 $aClimatic changes$xGovernment policy$zUnited States 606 $aGreenhouse gas mitigation$xGovernment policy$zUnited States 606 $aEnvironmental policy$zUnited States 610 $aClimatic changes 610 $aGreenhouse gases 610 $aEnvironmental policy 610 $aScience 610 $aPolitical science 615 0$aClimatic changes$xGovernment policy 615 0$aGreenhouse gas mitigation$xGovernment policy 615 0$aEnvironmental policy 906 $aBOOK 912 $a9910694003703321 996 $aClimate change$9250420 997 $aUNINA